| 000 | 00423nam a2200145 4500 | ||
|---|---|---|---|
| 001 | 116850 | ||
| 003 | ES-MaACL | ||
| 007 | t| | ||
| 008 | 061121s1968 sp r ||||1| spa d | ||
| 100 | 1 |
_aPascual Ferrández, Antonio. _989381 |
|
| 245 | 1 | 0 |
_aMaterias insustanciales / _cAntonio Pascual Ferrández. |
| 260 |
_aBarcelona : _bEdit. Peñíscola, _c1968. |
||
| 300 |
_a201 p. ; _c17 cm. |
||
| 852 |
_aES-MaACL _jE-2453 _bR.66372 |
||
| 999 |
_c116850 _d116850 |
||